LIBRARY & INFORMATION CENTRE, KCAET, TAVANUR

ONLINE PUBLIC ACCESS CATALOGUE (OPAC)

Agricultural Drainage Engineering (Record no. 14513)

MARC details
000 -LEADER
fixed length control field 00302nam a22001217a 4500
020 ## - INTERNATIONAL STANDARD BOOK NUMBER
ISBN 9788172338596
082 ## - DEWEY DECIMAL CLASSIFICATION NUMBER
Classification number 631.587
Item number PAR/AG
100 ## - MAIN ENTRY--AUTHOR NAME
Personal name Parmar,Hiteshkumar V.
245 ## - TITLE STATEMENT
Title Agricultural Drainage Engineering
260 ## - PUBLICATION, DISTRIBUTION, ETC. (IMPRINT)
Place of publication Jodhpur
Name of publisher Scientific Publishers
Year of publication 2014
300 ## - PHYSICAL DESCRIPTION
Number of Pages 238
942 ## - ADDED ENTRY ELEMENTS (KOHA)
Koha item type Books
Holdings
Withdrawn status Lost status Damaged status Collection code Home library Current library Shelving location Date acquired Source of acquisition Cost, normal purchase price Full call number Accession Number Koha item type
        KAUAET KAUAET General Stacks 13/07/2016 Ganesh Book Centre, Trivandrum 950.00 631.587 PAR/AG 24582 Books
        KAUAET KAUAET General Stacks 13/07/2016 Arunima Book Distributors,TVPM 950.00 631.587 PAR/AG 24802 Books
free website counter